000
00223 a2200097 4500
001
28349
100
_a
Camenzind, H R
245
_a
Circuit Design for Integrated Electronics
260
_a
_b
Wesley
_c
090
_c
18958
_d
18958
942
_a
NUST-CAE
_c
M
_c
9955
999
_c
263422
_d
263422